LEADER 01485nam a2200277 i 4500 001 000000073728 003 CaOOAMICUS 005 20250806100514.0 008 000614n1978 gw u000 u lat u 013 $a44900 020 $a3402038846 040 $aSeMil$bita 100 1 $aAlbertus : Magnus,$c.$0(OLS)http://semarc/name/930 245 10$a34.1: Summa theologiae, sive De mirabili scientia Dei, Libri 1. pars 1., Quaestiones 1-50A /$cedidit Dionysius Siedler, collaborantibus Wilhelmo Kubel et Henrico Georgio Vogels. 264 1$aMonasterii Westfaliorum :$bin aedibus Aschendorff,$c1978. 300 $aXXXV, 386 p. ;$c33 cm 700 1 $aKübel, Wilhelm.$0(OLS)http://semarc/name/1161 700 1 $aSiedler, Dionysius.$0(OLS)http://semarc/name/36433 773 0 $aAlbertus : Magnus $tSancti doctoris Ecclesiae Alberti Magni ordinis fratrum praedicatorum episcopi Opera Omnia.$dMonasterii Westfaliorum : in aedibus Aschendorff $w()1311 850 $aSeMil 852 $aSeMil$W1$xVenegono$y1$mSL1.U VII 34$j39880$B39880$CSeMilBibl$Z2$F39884 $8I 961 $aSottoscrizione: Casa editrice 996 $6020$a3402038846$9(OLS)http://semarc/number/53308 996 $6245$a34.1: Summa theologiae, sive De mirabili scientia Dei, Libri 1. pars 1., Quaestiones 1-50A$9(OLS)http://semarc/title/119035 996 $6264$aMonasterii Westfaliorum :$bin aedibus Aschendorff$9(OLS)http://semarc/publisher/30222 LEADER 01244nam a2200277 i 4500 001 000000049452 003 CaOOAMICUS 005 20140210000000.0 008 140210s1968 it u000 u ita u 013 $a20623 040 $aSeMil$bita 100 1 $aRigaux, Bèda.$0(OLS)http://semarc/name/21651 240 10$aTémoignage de l'Évangile de Marc.$0(OLS)http://semarc/title/75183 245 10$aTestimonianza del Vangelo di Marco /$cBeda Rigaux ; prefazione di Mr. L. Cerfaux. 260 $aPadova :$bGregoriana,$c1968. 300 $a182 p. ;$c21 cm. 490 0 $aPer una storia di Gesù ;$v1. 500 $aContiene : Nota bibliografica. 650 4$aBibbia. Nuovo Testamento. Vangelo secondo Marco - Commentari, studi, critica, interpretazioni.$0(OLS)http://semarc/subject/143 700 1 $aCerfaux, Lucien <1883-1968>.$0(OLS)http://semarc/name/4185 830 0$aPer una storia di Gesù ;$v1.$0(OLS)http://semarc/title/39965 850 $aSeMil 852 $aSeMil$W1$xVenegono$y1$m2W V 195$j15607$B15607$CSeMilBibl$Z2$F15607 $81 961 $aOmaggio: Colombo don Umberto 996 $6245$aTestimonianza del Vangelo di Marco$9(OLS)http://semarc/title/75182 996 $6260$aPadova :$bGregoriana$9(OLS)http://semarc/publisher/31482